| 000 | 01707cam a2200253 i 4500 | ||
|---|---|---|---|
| 999 |
_c10457 _d10457 |
||
| 003 | OSt | ||
| 005 | 20220412141719.0 | ||
| 008 | 190214s2019 enk b 001 0 eng | ||
| 020 |
_a9781138615106 _q(pbk.) |
||
| 042 | _apcc | ||
| 082 | 0 | 0 |
_a307.1/16 _223 |
| 100 | 1 |
_aThorpe, Dave, _d1954- _eauthor. |
|
| 245 | 1 | 0 |
_a"One planet" cities : _bsustaining humanity within planetary limits / _cDavid Thorpe. |
| 300 |
_axxii, 308 pages ; _c25 cm |
||
| 504 | _aIncludes bibliographical references and index. | ||
| 505 | 0 | _aIntroduction : it's time to end humanity's war on nature -- Do the stories we tell influence the future we will live in? -- The ultimate problem: humanity's limits to growth -- Ecological footprinting and other standards -- Choosing which standards to use -- Feeding cities while saving the planet -- Regenerative cities -- Zero carbon cities -- Transforming industry-- Managing water in the age of change -- 'One planet' neighbourhoods -- Buildings in a 'one planet' city -- Mobility in a 'one planet' city -- How smart is a 'smart city'? -- Financing the way to a 'one planet' future -- A menu of case studies -- Wales and one planet development -- Six steps to a one planet city -- One day in a one planet city : a short story--Index of people--Index of places--Index of topics. | |
| 650 | 0 | _aSustainable urban development. | |
| 650 | 0 |
_aCity planning _xEnvironmental aspects. |
|
| 650 | 0 | _aSustainable development. | |
| 650 | 0 | _aSustainable living. | |
| 776 | 0 | 8 |
_iOnline version: _aThorpe, Dave, 1954- author. _t"One planet" cities _dAbingdon, Oxon ; New York, NY : Routledge, 2019 _z9780429463402 _w(DLC) 2019007673 |
| 906 |
_a7 _bcbc _corignew _d1 _eecip _f20 _gy-gencatlg |
||
| 942 | _2ddc | ||